Paralely a asymetria výskytu chromatizmu biely vo viacslovných pomenovaniach a frazeologizmoch v ruskom a slovenskom jazyku II

Chromatizmus biely ako pomenovanie jedného z dvoch základných pôlov farebnej škály. Biely ako súčasť viacslovných pomenovaní i frazeologizmov. Pomenovania v ruskom a v slovenskom jazyku, ktoré sa vyskytujú len v jednom z porovnávacích jazykov.

Gespeichert in:
Bibliographische Detailangaben
1. Verfasser: Uličná, Martina, 1971-
Format: Buchkapitel
Sprache:Slowakisch
Schlagworte:
Tags: Tag hinzufügen
Keine Tags, Fügen Sie das erste Tag hinzu!

MARC

LEADER 00000naa a2200000 4500
001 0261221
005 20260129085804.5
041 0 |a slo 
044 |a SK 
245 1 0 |a Paralely a asymetria výskytu chromatizmu biely vo viacslovných pomenovaniach a frazeologizmoch v ruskom a slovenskom jazyku II 
520 |a Chromatizmus biely ako pomenovanie jedného z dvoch základných pôlov farebnej škály. Biely ako súčasť viacslovných pomenovaní i frazeologizmov. Pomenovania v ruskom a v slovenskom jazyku, ktoré sa vyskytujú len v jednom z porovnávacích jazykov. 
610 2 0 |a frazeológia 
610 2 0 |a lexikológia 
610 2 0 |a Rusko 
610 2 0 |a Slovensko 
100 1 |a Uličná, Martina, 1971-